| 000 | 01019nam a2200289 a 4500 | ||
|---|---|---|---|
| 001 | 000042851 | ||
| 003 | DO-SdBNP | ||
| 005 | 20210915122948.0 | ||
| 008 | 140211s2013 dr r 000 f spa d | ||
| 020 | _a9789945412789 | ||
| 040 |
_aDO-SdBNP _bspa _cBNPHU |
||
| 082 |
_aCh863.44 _bL168f |
||
| 100 | 1 |
_aLafourcade, Enrique, _d1927- _921998 |
|
| 245 | 1 | 3 |
_aLa fiesta del rey Acab / _cEnrique Lafourcade ; prólogo de Pablo A. Mariñe. |
| 260 |
_aSanto Domingo : _bFUNGLODE, _c2013. |
||
| 300 |
_a183 p. ; _c24 cm. |
||
| 490 | 1 | _aFUNGLODE | |
| 500 | _aIncluye datos biográficos del autor en la solapa de la cubierta | ||
| 504 | _aIncluye referencias bibliográficas y notas al pie de las páginas | ||
| 590 | _aInventariado, 2018/BT | ||
| 650 | 4 |
_aNovela chilena _93163 |
|
| 650 | 4 |
_aLiteratura chilena _93164 |
|
| 700 | 1 | 2 |
_aMariñe, Pablo A., _epról. _970236 |
| 830 | 0 |
_aFundación Global de Desarrollo (República de Dominicana) _970237 |
|
| 910 | _aValidado. Control de calidad. MFF | ||
| 942 |
_2ddc _cLBS1 |
||
| 999 |
_c42340 _d42340 |
||